Groupes de 7 - #01 - Statistiques

Statistiques générales
  • Ce quiz a été pris 86 fois
  • Le résultat moyen est 28 sur 49
Statistiques - réponses
Groupes Réponses % Correct
Les jours de la semaine Dimanche
100%
Les jours de la semaine Jeudi
100%
Les jours de la semaine Lundi
100%
Les jours de la semaine Mardi
100%
Les jours de la semaine Mercredi
100%
Les jours de la semaine Samedi
100%
Les jours de la semaine Vendredi
100%
Les couleurs de l'arc en ciel Bleu
97%
Les couleurs de l'arc en ciel Vert
97%
Les couleurs de l'arc en ciel Jaune
96%
Les couleurs de l'arc en ciel Orange
96%
Les couleurs de l'arc en ciel Rouge
96%
Les couleurs de l'arc en ciel Violet
96%
Nains de Blanche-Neige Simplet
86%
Péchés capitaux Luxure
85%
Péchés capitaux Gourmandise
84%
Nains de Blanche-Neige Atchoum
80%
Nains de Blanche-Neige Grincheux
80%
Péchés capitaux Paresse
73%
Péchés capitaux Avarice
72%
Péchés capitaux Colère
72%
Nains de Blanche-Neige Prof
70%
Péchés capitaux Envie
68%
Les couleurs de l'arc en ciel Indigo
66%
Nains de Blanche-Neige Dormeur
65%
Péchés capitaux Orgueil
65%
Les horcruxes de Voldemort Harry Potter
63%
Les horcruxes de Voldemort Nagini
61%
Nains de Blanche-Neige Joyeux
58%
Les horcruxes de Voldemort La bague des Gaunt
57%
Les horcruxes de Voldemort Le journal intime
53%
Nains de Blanche-Neige Timide
53%
Les horcruxes de Voldemort La coupe de Helga Pouffsouffle
47%
Les horcruxes de Voldemort Le diadème de Rowena Serdaigle
47%
Les horcruxes de Voldemort Le médaillon de Salazar Serpentard
46%
Les sept sages de Grèce (selon Platon) Thalès de Milet
9%
Les Pléiades Alcyone
6%
Les Pléiades Astérope
6%
Les Pléiades Céléno
6%
Les sept sages de Grèce (selon Platon) Chilon de Sparte
6%
Les Pléiades Électre
6%
Les Pléiades Maïa
6%
Les Pléiades Mérope
6%
Les sept sages de Grèce (selon Platon) Périandre de Corinthe
6%
Les sept sages de Grèce (selon Platon) Solon d'Athènes
6%
Les Pléiades Taygète
6%
Les sept sages de Grèce (selon Platon) Bias de Priène
5%
Les sept sages de Grèce (selon Platon) Cléobule de Lindos
5%
Les sept sages de Grèce (selon Platon) Pittacos de Mytilène
5%
Aucun quiz correspondant
Distribution des résultats
% des personnes avec chaque résultat
Percentile par nombre de réponses
Votre historique - résultats
Vous n’avez pas pris ce quiz